[Event "San Sebastian de los Reyes op 20th"]
[Site "San Sebastian"]
[Date "2018.12.08"]
[Round "8"]
[White "Gonzalez Garcia, Luis"]
[Black "Lopez de Turiso, Jose Angel"]
[Result "0-1"]
[WhiteElo "1505"]
[BlackElo "1913"]
[PlyCount "78"]
[EventDate "2018.12.01"]
[EventType "swiss"]
[EventRounds "9"]
[EventCountry "ESP"]
[SourceTitle "CBM 187 Extra"]
[Source "ChessBase"]
[SourceDate "2018.11.04"]
[SourceVersion "1"]
[SourceVersionDate "2018.11.04"]
[SourceQuality "1"]

1. d4 Nf6 2. Bf4 e6 3. Nf3 d5 4. e3 c5 5. c3 Nc6 6. Bd3 cxd4 7. exd4 Nh5 8. Bg3 Bd6 9. Bxd6 Qxd6 10. g3 Bd7 11. Ne5 Nxe5 12. dxe5 Qxe5+ 13. Qe2 Qxe2+ 14. Bxe2 Nf6 15. Nd2 0-0 16. f4 Bc6 17. Bf3 Rfd8 18. Nb3 Ne8 19. Nd4 Nc7 20. Be2 f6 21. 0-0 e5 22. fxe5 fxe5 23. Nxc6 bxc6 24. Rf5 Re8 25. Raf1 Re7 26. b3 g6 27. Rf6 Ne6 28. Bg4 Rae8 29. Bxe6+ Rxe6 30. Rxe6 Rxe6 31. Rf2 Kg7 32. Kg2 e4 33. h4 Rf6 34. Re2 Rf3 35. c4 Kf6 36. cxd5 cxd5 37. b4 Rc3 38. g4 Ke5 39. Kf2 d4 0-1